[Event "Tarragona op 8th"]
[Site "Tarragona"]
[Date "2007.08.18"]
[Round "1"]
[White "Martinez Llobet, Joan"]
[Black "Del Rio de Angelis, Salvador Gabriel"]
[Result "0-1"]
[WhiteElo "1883"]
[BlackElo "2506"]
[PlyCount "114"]
[EventDate "2007.08.18"]
[EventType "swiss"]
[EventRounds "9"]
[EventCountry "ESP"]
[SourceTitle "CBM 119 Extra"]
[Source "ChessBase"]
[SourceDate "2007.09.04"]
[SourceVersion "1"]
[SourceVersionDate "2007.09.04"]
[SourceQuality "1"]

1. e4 c5 2. Nf3 Nc6 3. d4 cxd4 4. Nxd4 e6 5. Nc3 d6 6. Be3 Nf6 7. f3 a6 8. Qd2 Be7 9. Bc4 0-0 10. g4 Nxd4 11. Bxd4 b5 12. Bb3 Rb8 13. a3 Nd7 14. 0-0 Nb6 15. Ne2 Qc7 16. Qc3 Qxc3 17. Bxc3 e5 18. Rad1 Be6 19. Bb4 Rfd8 20. Nc3 Rd7 21. Nd5 Bxd5 22. Bxd5 Nc4 23. Bxc4 bxc4 24. Bc3 f6 25. Rd5 Kf7 26. Rfd1 Ke6 27. Kg2 g6 28. h3 Rdb7 29. Ra5 Rb6 30. Ra4 Rc6 31. Rb4 Rf8 32. Rb7 f5 33. Rf1 h5 34. Bd2 Rf7 35. Rb8 Rf8 36. Rxf8 Bxf8 37. Bb4 Rb6 38. Bc3 Rb8 39. Rd1 Be7 40. Rd5 Bd8 41. Rd1 Bc7 42. gxh5 gxh5 43. Kh2 Rg8 44. Rg1 Rxg1 45. Kxg1 d5 46. exd5+ Kxd5 47. Kf2 e4 48. fxe4+ Kxe4 49. b3 cxb3 50. cxb3 Kd3 51. Bf6 Bd6 52. b4 Kc4 53. Bb2 Bf4 54. Ke2 Kb3 55. Bd4 Bc1 56. Bc5 Bxa3 57. b5 axb5 0-1

[Event "Barbera del Valles op-B 30th"]
[Site "Barbera del Valles"]
[Date "2007.07.10"]
[Round "5"]
[White "Garcia Riera, Josep"]
[Black "Martinez Llobet, Joan"]
[Result "1-0"]
[WhiteElo "2033"]
[BlackElo "1883"]
[PlyCount "55"]
[EventDate "2007.07.06"]
[EventType "swiss"]
[EventRounds "7"]
[EventCountry "ESP"]
[SourceTitle "EXT 2008"]
[Source "ChessBase"]
[SourceDate "2007.11.25"]
[SourceVersion "1"]
[SourceVersionDate "2007.11.25"]
[SourceQuality "1"]

1. d4 e5 2. dxe5 Nc6 3. Nf3 Qe7 4. Nc3 Nxe5 5. e4 Nxf3+ 6. Qxf3 Qf6 7. Bf4 Bb4 8. Bxc7 Qxf3 9. gxf3 Ne7 10. 0-0-0 Bxc3 11. bxc3 0-0 12. Bc4 Re8 13. h4 a6 14. a4 Nc6 15. e5 b5 16. axb5 axb5 17. Bxb5 Bb7 18. Rhe1 Ra1+ 19. Kd2 Rxd1+ 20. Kxd1 Ra8 21. Kd2 Kf8 22. f4 g6 23. h5 Ke7 24. hxg6 hxg6 25. Rg1 Ke6 26. Bc4+ Ke7 27. f5 gxf5 28. Bd6+ 1-0

[Event "Barbera del Valles op-B 30th"]
[Site "Barbera del Valles"]
[Date "2007.07.08"]
[Round "3"]
[White "Martinez Llobet, Joan"]
[Black "Ferrer Roche, Marc"]
[Result "0-1"]
[WhiteElo "1883"]
[BlackElo "2095"]
[PlyCount "80"]
[EventDate "2007.07.06"]
[EventType "swiss"]
[EventRounds "7"]
[EventCountry "ESP"]
[SourceTitle "EXT 2008"]
[Source "ChessBase"]
[SourceDate "2007.11.25"]
[SourceVersion "1"]
[SourceVersionDate "2007.11.25"]
[SourceQuality "1"]

1. e4 d5 2. exd5 Nf6 3. Nc3 Nxd5 4. Nxd5 Qxd5 5. d4 Nc6 6. Nf3 Bg4 7. Be2 0-0-0 8. Be3 e6 9. c3 Be7 10. Qb3 Qa5 11. h3 Bh5 12. g4 Bg6 13. Qb5 Qxb5 14. Bxb5 Be4 15. Bxc6 Bxc6 16. Ke2 Bb5+ 17. Kd2 c5 18. Rhc1 Kb8 19. a3 f6 20. Ke1 Bc6 21. Nd2 cxd4 22. cxd4 h5 23. Ke2 hxg4 24. hxg4 Rh4 25. Rg1 Bd6 26. f3 Rh2+ 27. Bf2 Bf4 28. Nb3 Bd5 29. Nc5 Bc4+ 30. Ke1 b6 31. b3 Bd5 32. Na6+ Kb7 33. Nb4 Bxb3 34. Nd3 Bd6 35. Rc1 Bd5 36. Ke2 Bxa3 37. Nf4 Bxc1 38. Rxc1 b5 39. Ke3 Rc8 40. Rb1 Rc3+ 0-1

[Event "Terrassa op-B"]
[Site "Terrassa"]
[Date "1996.??.??"]
[Round "6"]
[White "Canellas Magide, Lluis"]
[Black "Martinez Llobet, Joan"]
[Result "1-0"]
[WhiteElo "1990"]
[BlackElo "1850"]
[PlyCount "116"]
[EventDate "1996.07.??"]
[EventType "swiss"]
[EventRounds "9"]
[EventCountry "ESP"]
[SourceTitle "EXT 2002"]
[Source "ChessBase"]
[SourceDate "2001.11.25"]
[SourceVersion "1"]
[SourceVersionDate "2001.11.25"]
[SourceQuality "1"]

1. d4 d5 2. c4 Nf6 3. Nc3 c6 4. Nf3 e6 5. Bg5 Be7 6. cxd5 exd5 7. e3 Bf5 8. Ne5 Nbd7 9. g4 Nxe5 10. gxf5 Ned7 11. Rg1 Qb6 12. Qd2 a5 13. f3 h6 14. Bh4 Nh5 15. Bg3 Nxg3 16. hxg3 Bf6 17. 0-0-0 a4 18. e4 dxe4 19. Nxe4 Be7 20. Bc4 Qb4 21. Qe2 Nb6 22. Bd3 a3 23. b3 Qxd4 24. Bb1 Qb2+ 25. Qxb2 axb2+ 26. Kxb2 Ba3+ 27. Ka1 Nd5 28. Rd4 0-0 29. f6 Nxf6 30. Nxf6+ gxf6 31. Rg4+ Kh8 32. Rh1 Bc1 33. Rxc1 Ra5 34. Rh1 h5 35. Rgh4 Kg7 36. Rxh5 Rxh5 37. Rxh5 Rd8 38. Rh7+ Kg8 39. Rh4 Rd6 40. Kb2 Kf8 41. Kc3 Rd1 42. Bd3 Rg1 43. g4 Ke7 44. Rh8 Rg3 45. Be4 f5 46. gxf5 Kd6 47. Rd8+ Kc7 48. Rf8 f6 49. Rxf6 Rg1 50. Rg6 Rc1+ 51. Kb2 Rh1 52. f6 Rh4 53. Rg7+ Kb6 54. Rg4 Rh6 55. Bg6 Rh2+ 56. Ka3 Ka5 57. Ra4+ Kb5 58. f7 Rh8 1-0

[Event "Terrassa op-B"]
[Site "Terrassa"]
[Date "1996.??.??"]
[Round "7"]
[White "Martinez Llobet, Joan"]
[Black "Roca Llop, Ramon"]
[Result "0-1"]
[WhiteElo "1850"]
[BlackElo "1945"]
[PlyCount "74"]
[EventDate "1996.07.??"]
[EventType "swiss"]
[EventRounds "9"]
[EventCountry "ESP"]
[SourceTitle "EXT 2002"]
[Source "ChessBase"]
[SourceDate "2001.11.25"]
[SourceVersion "1"]
[SourceVersionDate "2001.11.25"]
[SourceQuality "1"]

1. e4 c5 2. Nf3 Nc6 3. d4 cxd4 4. Nxd4 e5 5. Nb5 d6 6. N1c3 a6 7. Na3 Nf6 8. Bg5 Be7 9. Qd2 Be6 10. Bd3 0-0 11. 0-0 h6 12. Be3 Ng4 13. Ne2 Qc7 14. c3 Rad8 15. f4 Nxe3 16. Qxe3 d5 17. Qg3 exf4 18. Nxf4 Qb6+ 19. Kh1 Qxb2 20. Nc2 Qb6 21. Nh5 g6 22. exd5 Rxd5 23. Nf6+ Bxf6 24. Rxf6 Rg5 25. Qf3 Qd8 26. Rd1 Qe7 27. Rf1 Ne5 28. Qe2 Nxd3 29. Qxd3 Rd8 30. Qe2 Qc7 31. Nd4 Rh5 32. Rxg6+ Kh7 33. Nf3 Kxg6 34. Qe4+ Kg7 35. g4 Rh3 36. g5 Rxh2+ 37. Nxh2 Bd5 0-1

[Event "Terrassa op-B"]
[Site "Terrassa"]
[Date "1996.??.??"]
[Round "1"]
[White "Nuin Goni, Josep"]
[Black "Martinez Llobet, Joan"]
[Result "1-0"]
[WhiteElo "2025"]
[BlackElo "1850"]
[PlyCount "95"]
[EventDate "1996.07.??"]
[EventType "swiss"]
[EventRounds "9"]
[EventCountry "ESP"]
[SourceTitle "EXT 2002"]
[Source "ChessBase"]
[SourceDate "2001.11.25"]
[SourceVersion "1"]
[SourceVersionDate "2001.11.25"]
[SourceQuality "1"]

1. d4 e5 2. dxe5 d5 3. Nf3 c5 4. e4 d4 5. Bc4 Nc6 6. 0-0 Bg4 7. Bf4 Nge7 8. Bxf7+ Kxf7 9. Ng5+ Kg8 10. Qxg4 Qc8 11. Qe2 Na5 12. Bd2 h6 13. Bxa5 hxg5 14. Qc4+ Kh7 15. f4 Ng6 16. fxg5 Nxe5 17. Qd5 Qe8 18. Bc7 Ng4 19. Qf5+ Qg6 20. Qxg4 Re8 21. Nd2 Be7 22. Qf5 Bxg5 23. Qxg6+ Kxg6 24. Bf4 Rh5 25. Bxg5 Rxg5 26. Rf3 Rge5 27. Raf1 R8e7 28. Rg3+ Kh7 29. Nf3 Rh5 30. Rg5 Rh6 31. Re5 Rxe5 32. Nxe5 Re6 33. Nd7 Rxe4 34. Nxc5 Re2 35. c3 dxc3 36. bxc3 Rxa2 37. Nxb7 Rc2 38. Rf3 a6 39. Na5 Ra2 40. Rf5 Rc2 41. c4 Ra2 42. Nc6 Rc2 43. c5 Ra2 44. Ne7 g6 45. Rf6 Re2 46. Rf7+ Kh6 47. c6 Rc2 48. c7 1-0